ห้องสมุด วิทยาลัยพยาบาลบรมราชชนนี อุดรธานี
Boromarajonani College of Nursing, Udonthani
เปลี่ยนเป็นภาษาไทย

Change to English
 แสดงรายละเอียดบรรณานุกรม
  กลับหน้าหลัก

Brief Record : Get Marc (ISO 2709) : E-mail record : QR code ปิดหน้าต่าง
หนังสืออ้างอิง : เกี่ยวกับ Collections
mysqli: Table './ulib2015/stat_globaluid' is marked as crashed and last (automatic?) repair failed
select id from stat_globaluid where statuid='20260417224002_2622' 
mysqli: Table './ulib2015/stat_globaluid' is marked as crashed and last (automatic?) repair failed
DELETE FROM stat_globaluid
			WHERE id NOT IN (
			  SELECT id
			  FROM (
				SELECT id
				FROM stat_globaluid
				ORDER BY id DESC
				LIMIT 100
			  ) foo
			); 
mysqli: Table './ulib2015/stat_globaluid' is marked as crashed and last (automatic?) repair failed
insert into stat_globaluid set
		statuid='20260417224002_2622',
		dt='1776440402',
		phpself='/ULIB/dublinfull.php',
		agent='Mozilla/5.0 AppleWebKit/537.36 (KHTML, like Gecko; compatible; ClaudeBot/1.0; +claudebot@anthropic.com)',
		yea='2026',
		mon='4',
		dat='17',
		ip='216.73.216.55'
		
		
LEADER 00566nam 2200193 a 4500
001    8756
003     ULIBM
008    241110s2537 th m a000 0 tha d
024    974-605-783-9
050  4 ^a W 84.7 ^bน152ก 2537
245 00 ^a การสอนผู้รับบริการในโรงพยาบาล /^cนที เกื้อกูลกิจการ.
250    ^a พิมพ์ครั้งที่ 1.
260    ^a กรุงเทพฯ:^bชานเมืองการพิมพ์,^c2537.
300    ^a 264 หน้า
650  7 ^a ผู้รับบริการในโรงพยาบาล--การสอน.
710 2  ^a นที เกื้อกูลกิจการ.
945    ^p0^l0^i18833
945    ^p0^l0^i18834
945    ^p0^l0^i18835
945    ^p0^l0^i18836
945    ^p0^l0^i18837
999     ^aลิขิตลักษณ์
รายการนี้ยังไม่มีแท็ก
คุณยังไม่ได้ล็อกอิน คุณสามารถมีกิจกรรมร่วมกับเว็บไซต์ได้ แต่ต้องล็อกอินก่อน ::
  ล็อกอิน
ลำดับที่ ประเภท เลขเรียก/บาร์โค้ด สถานที่ สถานะ
1. หนังสือการพยาบาล
หนังสือการพยาบาล
W 84.7 น152ก 2537  
  Barcode: 18833
หนังสือทั่วไป On Shelf
2. หนังสือการพยาบาล
หนังสือการพยาบาล
W 84.7 น152ก 2537 ฉ.2 
  Barcode: 18834
หนังสือทั่วไป On Shelf
3. หนังสือการพยาบาล
หนังสือการพยาบาล
W 84.7 น152ก 2537 ฉ.3 
  Barcode: 18835
หนังสือทั่วไป On Shelf
4. หนังสือการพยาบาล
หนังสือการพยาบาล
W 84.7 น152ก 2537 ฉ.4 
  Barcode: 18836
หนังสือทั่วไป On Shelf
5. หนังสือการพยาบาล
หนังสือการพยาบาล
W 84.7 น152ก 2537 ฉ.5 
  Barcode: 18837
หนังสือทั่วไป On Shelf
   [แสดง 5/5 รายการ]

mysqli: Can't create/write to file '/var/tmp/#sql_59d_1.MAI' (Errcode: 2)
select * from index_db where titl like '%การสอนผู้รับบริการในโรงพยาบาล / นที  เกื้อกูลกิจการ.%' and mid<>'8756'  order by rand() limit 3
mysqli: Can't create/write to file '/var/tmp/#sql_59d_1.MAI' (Errcode: 2)
select * from index_db where subj like '%ผู้รับบริการในโรงพยาบาล--การสอน.%' and mid<>'8756'  order by rand() limit 3

BibComment


ยังไม่เคยถูกคอมเมนท์

คอมเมนท์ทรัพยากรรายการนี้
  คอมเมนท์: การสอนผู้รับบริ..
Bib 8756

 
 
 

 Union Library Management : ULibM
Copyright 2026. All Rights Reserved.